| 000 | 00778nam a2200241Ia 4500 | ||
|---|---|---|---|
| 003 | OSt | ||
| 005 | 20250902153424.0 | ||
| 008 | 210716s2008 xx 000 0 und d | ||
| 020 | _a9788131719916 | ||
| 040 | _cAIMIT LIBRARY | ||
| 041 | _aeng | ||
| 082 |
_a005.7406 _bSHUA |
||
| 100 |
_aShuja, Ahmad K. _9237693 |
||
| 245 |
_aIBM rational unified process reference and certification guide : _bsolution designer / _cBy Ahmad K. Shuja and Jochen Krebs. |
||
| 250 | _a1st ed. | ||
| 260 |
_aNew Delhi : _bIBM Press/Pearson , _c2008. |
||
| 300 |
_axxvi,307 p.; _bPB _c25.5 cm. |
||
| 650 |
_aBasic content elements _9237694 |
||
| 650 |
_aBasiC Process elements _9237695 |
||
| 650 |
_aRequirements _9237696 |
||
| 650 |
_aImplementation _9237697 |
||
| 942 |
_2ddc _cBK _k005.7406 SHUA |
||
| 999 |
_c181848 _d181848 |
||